000 00928nam a22002537a 4500
999 _c65020
_d65020
005 20240530110803.0
008 190216s2018 ua a f b 000 0 ara d
017 _a2018/4961
_bمصر. دار الكتب
020 _a9789779117577
040 _aEG-CaGPL
_cEG-CaGPL
082 0 4 _221
_a782.4 /
_bق/ي أ
100 0 _aياسمين فراج
245 1 2 _aالاغنية الشعبية فى مصر :
_bمقارنة نقدية /
_cياسمين فراج
250 _aط.1
260 _aالقاهرة :
_bالهيئة المصرية العامة للكتاب،
_c2018 .
300 _a193 ص. ؛
_c24 سم.
504 _aيشتمل على ارجاعات ببليوجرافية
650 0 7 _2qrmak
_aالاغانى الشعبية
650 0 7 _2qrmak
_aالاغانى الشعبية المصرية
650 0 7 _aالتوبة
_2qrmak
651 _2qrmak
942 _2ddc
_cBK